LDR 00682naa#a2200145#i#450# 001 RU\INFRA-M\bibl\14676 005 20260428032026.2 100 ## _a20250114b2025####ek#y0rusy0150####ca 102 ## _aRU 200 1# _aРАЗРАБОТКА ИИ-РЕШЕНИЙ ДЛЯ АВТОМАТИЗАЦИИ БИЗНЕС-ПРОЦЕССОВ _eСтатья/тезисы конференции 210 1# _aМосква _cОбщество с ограниченной ответственностью «Научно-издательский центр ИНФРА-М» _d2025 215 ## _a2 с. 608 ## _aСтатья/тезисы конференции _2local 700 #1 _aРоссомахин _gВ. О. 856 4# _anaukaru.ru _u